<?xml version="1.0" encoding="UTF-8"?>
<record
    xmlns:xsi="http://www.w3.org/2001/XMLSchema-instance"
    xsi:schemaLocation="http://www.loc.gov/MARC21/slim http://www.loc.gov/standards/marcxml/schema/MARC21slim.xsd"
    xmlns="http://www.loc.gov/MARC21/slim">

  <leader>01695nam a22003137a 4500</leader>
  <controlfield tag="005">20240823143820.0</controlfield>
  <controlfield tag="008">      s2546    th                  tha d</controlfield>
  <datafield tag="020" ind1=" " ind2=" ">
    <subfield code="a">9749093275</subfield>
  </datafield>
  <datafield tag="040" ind1=" " ind2=" ">
    <subfield code="a">NALT</subfield>
  </datafield>
  <datafield tag="041" ind1=" " ind2=" ">
    <subfield code="a">tha</subfield>
  </datafield>
  <datafield tag="050" ind1=" " ind2=" ">
    <subfield code="a">R 733 </subfield>
    <subfield code="b">&#xE23;295 2546</subfield>
  </datafield>
  <datafield tag="245" ind1="0" ind2="0">
    <subfield code="a">&#xE23;&#xE31;&#xE01;&#xE29;&#xE32;&#xE42;&#xE23;&#xE04;&#xE14;&#xE49;&#xE27;&#xE22;&#xE27;&#xE34;&#xE18;&#xE35;&#xE18;&#xE23;&#xE23;&#xE21;&#xE0A;&#xE32;&#xE15;&#xE34; /</subfield>
    <subfield code="c">&#xE1C;&#xE39;&#xE49;&#xE40;&#xE02;&#xE35;&#xE22;&#xE19; Jane Alexander  ... [&#xE41;&#xE25;&#xE30;&#xE04;&#xE19;&#xE2D;&#xE37;&#xE48;&#xE19; &#xE46;] ; &#xE1A;&#xE23;&#xE23;&#xE13;&#xE32;&#xE18;&#xE34;&#xE01;&#xE32;&#xE23; &#xE2D;&#xE38;&#xE17;&#xE31;&#xE22;&#xE27;&#xE23;&#xE23;&#xE13; &#xE27;&#xE34;&#xE2A;&#xE38;&#xE17;&#xE18;&#xE32;&#xE01;&#xE38;&#xE25; ; &#xE1C;&#xE39;&#xE49;&#xE41;&#xE1B;&#xE25;&#xE41;&#xE25;&#xE30;&#xE40;&#xE23;&#xE35;&#xE22;&#xE1A;&#xE40;&#xE23;&#xE35;&#xE22;&#xE07; &#xE25;&#xE25;&#xE34;&#xE15;&#xE32; &#xE18;&#xE35;&#xE23;&#xE30;&#xE2A;&#xE34;&#xE23;&#xE34;, &#xE19;&#xE34;&#xE17;&#xE23;&#xE32;&#xE20;&#xE23; &#xE23;&#xE38;&#xE08;&#xE19;&#xE27;&#xE34;&#xE28;&#xE32;&#xE25;.</subfield>
  </datafield>
  <datafield tag="250" ind1=" " ind2=" ">
    <subfield code="a">&#xE1E;&#xE34;&#xE21;&#xE1E;&#xE4C;&#xE04;&#xE23;&#xE31;&#xE49;&#xE07;&#xE41;&#xE23;&#xE01;</subfield>
  </datafield>
  <datafield tag="260" ind1=" " ind2=" ">
    <subfield code="a">&#xE01;&#xE23;&#xE38;&#xE07;&#xE40;&#xE17;&#xE1E;&#xE2F; : </subfield>
    <subfield code="b">&#xE23;&#xE35;&#xE14;&#xE40;&#xE14;&#xE2D;&#xE23;&#xE4C;&#xE2A; &#xE44;&#xE14;&#xE40;&#xE08;&#xE2A;&#xE17;&#xE4C; (&#xE1B;&#xE23;&#xE30;&#xE40;&#xE17;&#xE28;&#xE44;&#xE17;&#xE22;), </subfield>
    <subfield code="c">2546.</subfield>
  </datafield>
  <datafield tag="300" ind1=" " ind2=" ">
    <subfield code="a">384 &#xE2B;&#xE19;&#xE49;&#xE32; :</subfield>
    <subfield code="b">&#xE20;&#xE32;&#xE1E;&#xE1B;&#xE23;&#xE30;&#xE01;&#xE2D;&#xE1A; ;</subfield>
    <subfield code="c">22 &#xE0B;&#xE21;.</subfield>
  </datafield>
  <datafield tag="650" ind1=" " ind2="4">
    <subfield code="a">&#xE01;&#xE32;&#xE23;&#xE23;&#xE31;&#xE01;&#xE29;&#xE32;&#xE42;&#xE23;&#xE04;</subfield>
    <subfield code="9">21230</subfield>
  </datafield>
  <datafield tag="650" ind1=" " ind2="4">
    <subfield code="a">&#xE01;&#xE32;&#xE23;&#xE41;&#xE1E;&#xE17;&#xE22;&#xE4C;&#xE17;&#xE32;&#xE07;&#xE40;&#xE25;&#xE37;&#xE2D;&#xE01; </subfield>
    <subfield code="9">21232</subfield>
  </datafield>
  <datafield tag="650" ind1=" " ind2="0">
    <subfield code="a">&#xE01;&#xE32;&#xE23;&#xE14;&#xE39;&#xE41;&#xE25;&#xE2A;&#xE38;&#xE02;&#xE20;&#xE32;&#xE1E;&#xE14;&#xE49;&#xE27;&#xE22;&#xE15;&#xE19;&#xE40;&#xE2D;&#xE07;</subfield>
    <subfield code="9">10701</subfield>
  </datafield>
  <datafield tag="650" ind1=" " ind2="4">
    <subfield code="a">&#xE18;&#xE23;&#xE23;&#xE21;&#xE0A;&#xE32;&#xE15;&#xE34;&#xE1A;&#xE33;&#xE1A;&#xE31;&#xE14;</subfield>
    <subfield code="9">21233</subfield>
  </datafield>
  <datafield tag="650" ind1=" " ind2="4">
    <subfield code="a">&#xE01;&#xE32;&#xE23;&#xE23;&#xE31;&#xE01;&#xE29;&#xE32;&#xE14;&#xE49;&#xE27;&#xE22;&#xE18;&#xE23;&#xE23;&#xE21;&#xE0A;&#xE32;&#xE15;&#xE34; </subfield>
    <subfield code="9">21235</subfield>
  </datafield>
  <datafield tag="650" ind1=" " ind2="0">
    <subfield code="a">&#xE22;&#xE32;&#xE2A;&#xE21;&#xE38;&#xE19;&#xE44;&#xE1E;&#xE23;</subfield>
    <subfield code="9">6004</subfield>
  </datafield>
  <datafield tag="700" ind1="1" ind2=" ">
    <subfield code="9">21236</subfield>
    <subfield code="a">Alexander, Jane </subfield>
  </datafield>
  <datafield tag="700" ind1="0" ind2=" ">
    <subfield code="9">12625</subfield>
    <subfield code="a">&#xE2D;&#xE38;&#xE17;&#xE31;&#xE22;&#xE27;&#xE23;&#xE23;&#xE13; &#xE27;&#xE34;&#xE2A;&#xE38;&#xE17;&#xE18;&#xE32;&#xE01;&#xE38;&#xE25;</subfield>
  </datafield>
  <datafield tag="700" ind1="0" ind2=" ">
    <subfield code="a">&#xE25;&#xE25;&#xE34;&#xE15;&#xE32; &#xE18;&#xE35;&#xE23;&#xE30;&#xE2A;&#xE34;&#xE23;&#xE34;</subfield>
    <subfield code="9">14806</subfield>
  </datafield>
  <datafield tag="700" ind1="0" ind2=" ">
    <subfield code="9">21238</subfield>
    <subfield code="a">&#xE19;&#xE34;&#xE17;&#xE23;&#xE32;&#xE20;&#xE23; &#xE23;&#xE38;&#xE08;&#xE19;&#xE27;&#xE34;&#xE28;&#xE32;&#xE25;</subfield>
  </datafield>
  <datafield tag="850" ind1=" " ind2=" ">
    <subfield code="a">NALT</subfield>
  </datafield>
  <datafield tag="942" ind1=" " ind2=" ">
    <subfield code="c">GB</subfield>
    <subfield code="2">lcc</subfield>
  </datafield>
  <datafield tag="996" ind1=" " ind2=" ">
    <subfield code="a">jamriang.p</subfield>
    <subfield code="b">CATSTF	</subfield>
    <subfield code="c">2024-08-23</subfield>
  </datafield>
  <datafield tag="999" ind1=" " ind2=" ">
    <subfield code="c">23213</subfield>
    <subfield code="d">23213</subfield>
  </datafield>
  <datafield tag="998" ind1=" " ind2=" ">
    <subfield code="j">1020</subfield>
    <subfield code="k"> &#xE08;&#xE33;&#xE40;&#xE23;&#xE35;&#xE22;&#xE07;  &#xE23;&#xE30;&#xE27;&#xE31;&#xE07;&#xE2A;&#xE33;&#xE42;&#xE23;&#xE07;</subfield>
  </datafield>
  <datafield tag="952" ind1=" " ind2=" ">
    <subfield code="0">0</subfield>
    <subfield code="1">0</subfield>
    <subfield code="2">lcc</subfield>
    <subfield code="4">0</subfield>
    <subfield code="7">0</subfield>
    <subfield code="8">CGBL</subfield>
    <subfield code="a">NALT</subfield>
    <subfield code="b">NALT</subfield>
    <subfield code="c">GEN</subfield>
    <subfield code="l">0</subfield>
    <subfield code="o">R 733 &#xE23;295 2546</subfield>
    <subfield code="p">3961147946</subfield>
    <subfield code="r">2017-11-17 00:00:00</subfield>
    <subfield code="w">2017-06-09</subfield>
    <subfield code="y">GB</subfield>
  </datafield>
</record>
